000 00833nam a2200241Ia 4500
008 130821s2011 xxuao gr eng
020 _a9780373523811
040 _aCo-BoUCM
_bspa
041 0 0 _aeng
060 0 0 _aQT 255
245 0 0 _aConcepts of fitness and wellness A comprehensive lifestyle approach
_cCharles B. Corbin...[et al.]
250 _a9th ed.
260 _aNueva York (Estados Unidos)
_bMcGraw Hill
_c2011
300 _axx, 540 páginas
_bilustraciones, fotografías, tablas
504 _aIncluye referencias bibliográficas e índice.
650 0 4 _aDeportes
_9388
650 0 4 _aEjercicio
_913933
650 0 4 _aEstado físico
_915022
700 1 _aCorbin, Charles B.
_9159218
700 1 _aCorbin, William R.
_9159219
700 1 _aWelk, Gregory J.
_9159220
942 _cLIBRO
_a26
_e9
_mC744
_2NLM
_hQT 255
_n0
999 _c36921
_d36921